Common Italian Verbs - Statistics

General Stats
  • This quiz has been taken 120 times
  • The average score is 39 of 60
Answer Stats
Hint Answer % Correct
To arrive Arrivare
97%
To be Essere
91%
To have Avere
86%
To eat Mangiare
86%
To do Fare
84%
To go Andare
83%
To sing Cantare
83%
To sleep Dormire
81%
To come Venire
80%
To drink Bere
78%
To speak Parlare
78%
To study Studiare
78%
To buy Comprare
77%
To love Amare
75%
To work Lavorare
75%
To read Leggere
75%
To write Scrivere
75%
To find Trovare
75%
To cook Cucinare
73%
To give Dare
72%
To say Dire
72%
To live Vivere
72%
To think Pensare
70%
To go out Uscire
70%
To run Correre
69%
To know (something) Sapere
69%
To play Giocare
66%
To want Volere
66%
To be (stay, remain) Stare
64%
To sell Vendere
64%
To understand Capire
63%
To call Chiamare
63%
To take/get Prendere
63%
To see Vedere
63%
To watch Guardare
61%
To die Morire
61%
To open Aprire
59%
To close Chiudere
59%
To believe Credere
59%
To bring Portare
59%
To listen Ascoltare
58%
To be able to Potere
58%
To prefer Preferire
58%
To wait Aspettare
56%
To put Mettere
56%
To travel Viaggiare
56%
To know (someone) Conoscere
55%
To have to Dovere
55%
To wash Lavare
52%
To ask Chiedere
50%
To learn Imparare
50%
To look for Cercare
48%
To hear Sentire
47%
To dream Sognare
47%
To grow Crescere
45%
To be born Nascere
45%
To lose Perdere
45%
To return Tornare
39%
To hold Tenere
34%
To go up Salire
28%
No matching quizzes found
Score Distribution
Percent of People with Each Score
Percentile by Number Answered
Your Score History
You have not taken this quiz